000 00341nam a2200133Ia 4500
005 20260328104251.0
008 260328s9999||||xx |||||||||||||| ||und||
100 _aLangagne O., Eduardo
245 0 _aIdentidad en la diversidad /
_cEduardo Langagne O.
260 _bDGC
300 _a153 p.
650 _aARQUITECTURA REGIONAL
942 _cBK
999 _c10261
_d10261